|
|
|
|
| LEADER |
00000nab a2200000 a 4500 |
| 001 |
vtls009360417 |
| 003 |
SK-MaSNL |
| 005 |
20260318132730.0 |
| 008 |
141024c2006 xo |||||||| 000 b|hun |
| 015 |
|
|
|a SNBRB2008/11
|2 snkbucl
|
| 038 |
|
|
|a SNKBUCL
|
| 040 |
|
|
|a DSZK
|b slo
|c DSZK
|e AACR2
|
| 041 |
0 |
|
|a hun
|
| 044 |
|
|
|a xo
|c SK
|
| 080 |
|
|
|a 372.878:371.671:373.3
|x (=511.141)
|x (437.6)
|2 1997
|
| 080 |
|
|
|a 371.671
|2 1997
|
| 080 |
|
|
|a 373.3
|x (=511.141)
|x (437.6)
|2 1997
|
| 100 |
1 |
|
|a Stirber, Lajos,
|d 1942-
|4 aut
|9 103376
|
| 245 |
1 |
0 |
|a Új tankönyvek a zenei neveléshez
|b koncepció és tartalom
|n 2.
|c Stirber Lajos
|
| 300 |
|
|
|b Fotogr.
|
| 500 |
|
|
|a Pokračovanie
|
| 650 |
0 |
7 |
|a hudobná výchova
|2 snkbucl
|9 1662
|
| 650 |
0 |
7 |
|a učebnice
|2 snkbucl
|9 74147
|
| 650 |
0 |
7 |
|a základné školy s vyučovacím jazykom maďarským
|2 snkbucl
|9 87207
|
| 773 |
0 |
|
|t Katedra
|g Évf. XIII, sz. 9 (2006), o. 20-21
|x 1335-6445
|
| 852 |
|
|
|a SNK
|b KIS3GCP
|
| 852 |
|
|
|a DSZK
|b KIS3GCP
|
| 958 |
|
|
|a HU
|
| 958 |
|
|
|a SK
|
| 999 |
|
|
|c 2149082
|d 2151012
|